[Event "SCO-ch 119th"]
[Site "Glasgow"]
[Date "2012.10.07"]
[Round "4"]
[White "Holmes, Donald A"]
[Black "Aagaard, Jacob"]
[Result "0-1"]
[WhiteElo "2271"]
[BlackElo "2506"]
[PlyCount "48"]
[EventDate "2012.07.07"]
[EventType "swiss"]
[EventRounds "9"]
[EventCountry "SCO"]
[SourceTitle "CBM 149 Extra"]
[Source "ChessBase"]
[SourceDate "2012.08.24"]
[SourceVersion "1"]
[SourceVersionDate "2012.08.24"]
[SourceQuality "1"]

1. d4 Nf6 2. c4 e6 3. Nf3 d5 4. Nc3 c6 5. Bg5 h6 6. Bh4 dxc4 7. e4 g5 8. Bg3 b5 9. Ne5 h5 10. h4 g4 11. Bf4 Bg7 12. f3 Bb7 13. Bg5 Qc7 14. Qd2 a6 15. 0-0-0 Nfd7 16. Nxd7 Nxd7 17. e5 c5 18. d5 Nxe5 19. dxe6 fxe6 20. f4 Nc6 21. Bxc4 bxc4 22. Nd5 Qf7 23. Nb6 0-0 24. Nxa8 Bxa8 0-1

[Event "SCO-ch 119th"]
[Site "Glasgow"]
[Date "2012.07.12"]
[Round "6"]
[White "Holmes, Donald A"]
[Black "MacQueen, Calum"]
[Result "1-0"]
[WhiteElo "2271"]
[BlackElo "2233"]
[PlyCount "71"]
[EventDate "2012.07.07"]
[EventType "swiss"]
[EventRounds "9"]
[EventCountry "SCO"]
[SourceTitle "CBM 149 Extra"]
[Source "ChessBase"]
[SourceDate "2012.08.24"]
[SourceVersion "1"]
[SourceVersionDate "2012.08.24"]
[SourceQuality "1"]

1. d4 Nf6 2. c4 g6 3. f3 Bg7 4. e4 d6 5. Ne2 0-0 6. Bg5 c5 7. d5 b5 8. cxb5 a6 9. Nec3 e6 10. Qd2 h6 11. Bxh6 Nxe4 12. Nxe4 Qh4+ 13. g3 Qxh6 14. Qxh6 Bxh6 15. Nbc3 Bg7 16. Nxd6 exd5 17. Nxd5 Be6 18. Nc7 Bxb2 19. Rd1 Nd7 20. Nxa8 Rxa8 21. bxa6 Ne5 22. f4 Bc3+ 23. Kf2 Ng4+ 24. Kf3 Nf6 25. Bc4 Bxc4 26. Nxc4 Rxa6 27. Rd8+ Kg7 28. Rc1 Bd4 29. Rc2 Ng8 30. Re2 Ra4 31. Rc2 Ne7 32. Rd7 Kf6 33. Rd6+ Kg7 34. Rd7 Kf6 35. g4 Ke6 36. Rd6# 1-0

[Event "SCO-ch 119th"]
[Site "Glasgow"]
[Date "2012.07.07"]
[Round "1"]
[White "Hawkins, Jonathan J"]
[Black "Holmes, Donald A"]
[Result "1/2-1/2"]
[WhiteElo "2499"]
[BlackElo "2271"]
[PlyCount "110"]
[EventDate "2012.07.07"]
[EventType "swiss"]
[EventRounds "9"]
[EventCountry "SCO"]
[SourceTitle "CBM 149 Extra"]
[Source "ChessBase"]
[SourceDate "2012.08.24"]
[SourceVersion "1"]
[SourceVersionDate "2012.08.24"]
[SourceQuality "1"]

1. d4 Nf6 2. c4 e6 3. Nf3 b6 4. g3 Bb7 5. Bg2 Be7 6. 0-0 0-0 7. Re1 Qc8 8. Nc3 Ne4 9. Qc2 f5 10. b3 Nc6 11. a3 Bf6 12. e3 Nxc3 13. Qxc3 d6 14. Bb2 e5 15. Qc2 e4 16. Nd2 a5 17. f3 exf3 18. Nxf3 d5 19. Nd2 Ne7 20. cxd5 Nxd5 21. Bh3 Bg5 22. Nf1 Qe8 23. Bc1 Qg6 24. Bg2 Qf6 25. Bd2 Kh8 26. b4 axb4 27. axb4 Rxa1 28. Rxa1 f4 29. gxf4 Bxf4 30. Qc1 Bxh2+ 31. Nxh2 Qf2+ 32. Kh1 Nf4 33. Bxb7 Ne2 34. Qxc7 Ng3+ 35. Qxg3 Qxg3 36. Bg2 h5 37. Rf1 Rf2 38. Rxf2 Qxf2 39. Nf1 g5 40. e4 g4 41. Be3 Qe1 42. Kg1 Qxb4 43. Bf2 b5 44. d5 Qc3 45. Bb6 b4 46. d6 Qd3 47. e5 b3 48. Be4 Qd1 49. Bc5 b2 50. e6 b1Q 51. Bxb1 Qd5 52. Be3 Qxd6 53. Bg6 Qe5 54. e7 Qxe7 55. Bxh5 Qe6 1/2-1/2

[Event "Oban op"]
[Site "Oban"]
[Date "2011.11.20"]
[Round "4"]
[White "Sreeves, Clement"]
[Black "Holmes, Donald A"]
[Result "0-1"]
[WhiteElo "2148"]
[BlackElo "2263"]
[PlyCount "66"]
[EventDate "2011.11.18"]
[EventType "swiss"]
[EventRounds "5"]
[EventCountry "SCO"]
[SourceTitle "EXT 2023"]
[Source "ChessBase"]
[SourceDate "2022.10.05"]
[SourceVersion "1"]
[SourceVersionDate "2022.10.05"]
[SourceQuality "1"]

1. e4 c5 2. Nf3 d6 3. d4 cxd4 4. Nxd4 Nf6 5. Nc3 a6 6. Be3 e6 7. g4 h6 8. Bg2 e5 9. Nf5 g6 10. Qe2 gxf5 11. exf5 Nc6 12. 0-0-0 Bd7 13. f4 Qa5 14. g5 hxg5 15. fxg5 Nh5 16. Bf3 Ng7 17. Nd5 0-0-0 18. a3 Nd4 19. Rxd4 exd4 20. Bxd4 Rh4 21. Bb6 Qb5 22. Qf2 Nxf5 23. Nc3 Qc4 24. Bxd8 Kxd8 25. Bxb7 Qf4+ 26. Qxf4 Rxf4 27. Bxa6 Rg4 28. Rf1 Be7 29. Bd3 Bxg5+ 30. Kb1 Ne3 31. Rf3 f5 32. a4 Be6 33. Rg3 Bf4 0-1

[Event "Dundee & Angus op"]
[Site "Dundee"]
[Date "2011.10.15"]
[Round "2"]
[White "Holmes, Donald A"]
[Black "Bremner, Adam"]
[Result "1-0"]
[WhiteElo "2263"]
[BlackElo "2068"]
[PlyCount "83"]
[EventDate "2011.10.14"]
[EventType "swiss"]
[EventRounds "5"]
[EventCountry "SCO"]
[SourceTitle "EXT 2017"]
[Source "ChessBase"]
[SourceDate "2016.10.25"]
[SourceVersion "1"]
[SourceVersionDate "2016.10.25"]
[SourceQuality "1"]

1. c4 c5 2. Nf3 Nf6 3. d4 cxd4 4. Nxd4 g6 5. Nc3 Bg7 6. e4 Nc6 7. Be3 0-0 8. Be2 d6 9. 0-0 a5 10. Ndb5 Be6 11. f3 Nd7 12. Qd2 a4 13. f4 Na5 14. Nd5 Bxd5 15. exd5 b6 16. Rac1 Nb7 17. Rfe1 Nbc5 18. Nd4 Qc7 19. Bf3 Rfe8 20. Bf2 Bf6 21. g4 Nb8 22. g5 Bg7 23. Re3 Qd8 24. Bg4 h5 25. Bd1 Bxd4 26. Qxd4 e5 27. dxe6 Nxe6 28. Qe4 Na6 29. Qf3 Nac5 30. Bc2 Ra7 31. Rd1 Rae7 32. h4 Ng7 33. Rxe7 Qxe7 34. Re1 Qd7 35. Rxe8+ Qxe8 36. Kf1 Qe6 37. Qa8+ Kh7 38. Qd5 Qd7 39. Ke1 Nf5 40. Kd2 Ne7 41. Qxf7+ Kh8 42. Bd4# 1-0

[Event "Dundee & Angus op"]
[Site "Dundee"]
[Date "2011.10.14"]
[Round "1"]
[White "Doyle, Jim"]
[Black "Holmes, Donald A"]
[Result "0-1"]
[WhiteElo "1908"]
[BlackElo "2263"]
[PlyCount "54"]
[EventDate "2011.10.14"]
[EventType "swiss"]
[EventRounds "5"]
[EventCountry "SCO"]
[SourceTitle "EXT 2017"]
[Source "ChessBase"]
[SourceDate "2016.10.25"]
[SourceVersion "1"]
[SourceVersionDate "2016.10.25"]
[SourceQuality "1"]

1. d4 Nf6 2. c4 e6 3. Nc3 Bb4 4. e3 c5 5. Bd3 d5 6. Nge2 cxd4 7. exd4 dxc4 8. Bxc4 a6 9. 0-0 0-0 10. Bf4 b5 11. Bb3 Bb7 12. Ng3 Nc6 13. d5 exd5 14. Nxd5 Nxd5 15. Bxd5 Qf6 16. Qg4 Rad8 17. Be4 Bc8 18. Qh5 h6 19. Nf5 Rfe8 20. Bxc6 Qxc6 21. Rac1 Qe4 22. Nxg7 Kxg7 23. Bxh6+ Kg8 24. a3 Rd5 25. Bg5 Bd2 26. Rxc8 Rxc8 27. Qh3 Qe6 0-1

[Event "SCO-ch 111th"]
[Site "Hamilton"]
[Date "2004.07.16"]
[Round "7"]
[White "Holmes, Donald A"]
[Black "Grant, Jonathan"]
[Result "1/2-1/2"]
[WhiteElo "2290"]
[BlackElo "2266"]
[PlyCount "39"]
[EventDate "2004.07.10"]
[EventType "swiss"]
[EventRounds "9"]
[EventCountry "SCO"]
[SourceTitle "CBM 101 Extra"]
[Source "ChessBase"]
[SourceDate "2004.09.01"]
[SourceVersion "2"]
[SourceVersionDate "2004.09.01"]
[SourceQuality "1"]

1. e4 c6 2. d4 d5 3. exd5 cxd5 4. c4 Nf6 5. Nc3 e6 6. a3 Nc6 7. c5 e5 8. Bb5 exd4 9. Qxd4 Be7 10. Nf3 0-0 11. Bxc6 bxc6 12. 0-0 Nd7 13. b4 Bf6 14. Qd2 a5 15. Bb2 Ba6 16. Rfe1 Qc7 17. Ne2 axb4 18. axb4 Bxe2 19. Qxe2 Qf4 20. Bxf6 1/2-1/2

[Event "Glasgow op"]
[Site "Glasgow"]
[Date "1999.??.??"]
[Round "1"]
[White "Robertson, Ian C"]
[Black "Holmes, Donald A"]
[Result "0-1"]
[WhiteElo "2202"]
[BlackElo "2290"]
[PlyCount "52"]
[EventDate "1999.??.??"]
[EventType "swiss"]
[EventRounds "5"]
[EventCountry "SCO"]
[SourceTitle "EXT 2002"]
[Source "ChessBase"]
[SourceDate "2001.11.25"]
[SourceVersion "1"]
[SourceVersionDate "2001.11.25"]
[SourceQuality "1"]

1. e4 c5 2. d4 cxd4 3. c3 d5 4. exd5 Qxd5 5. cxd4 e6 6. Nf3 Nf6 7. Bd3 Bb4+ 8. Nc3 0-0 9. 0-0 Bxc3 10. bxc3 b6 11. Re1 Nbd7 12. c4 Qc6 13. Ne5 Nxe5 14. Rxe5 Bb7 15. f3 Ba6 16. Ba3 Rfd8 17. Rc1 Rd7 18. Bb2 h6 19. Qb3 Rc7 20. Ba3 Rd8 21. d5 Qd7 22. d6 Rdc8 23. Rd1 Qc6 24. Rc1 Qe8 25. h3 Nd7 26. Ree1 Nc5 0-1

[Event "Glasgow op"]
[Site "Glasgow"]
[Date "1997.??.??"]
[Round "?"]
[White "Shaw, John"]
[Black "Holmes, Donald A"]
[Result "1/2-1/2"]
[WhiteElo "2345"]
[BlackElo "2290"]
[PlyCount "29"]
[EventDate "1997.??.??"]
[EventType "swiss"]
[EventRounds "5"]
[EventCountry "SCO"]
[SourceTitle "EXT 2003"]
[Source "ChessBase"]
[SourceDate "2002.11.25"]
[SourceVersion "1"]
[SourceVersionDate "2002.11.25"]
[SourceQuality "1"]

1. e4 c5 2. c3 d5 3. exd5 Qxd5 4. d4 Nf6 5. Nf3 e6 6. Be3 cxd4 7. cxd4 Bd7 8. Nc3 Qa5 9. Bd3 Bc6 10. 0-0 Bd6 11. Ng5 Nbd7 12. a3 h6 13. Nge4 Nxe4 14. Nxe4 Bc7 15. Nc3 1/2-1/2

[Event "Glasgow op"]
[Site "Glasgow"]
[Date "1995.??.??"]
[Round "2"]
[White "Holmes, Donald A"]
[Black "Hebden, Mark"]
[Result "0-1"]
[WhiteElo "2290"]
[BlackElo "2550"]
[PlyCount "70"]
[EventDate "1995.??.??"]
[EventType "swiss"]
[EventRounds "5"]
[EventCountry "SCO"]
[SourceTitle "EXT 2001"]
[Source "ChessBase"]
[SourceDate "2000.11.22"]
[SourceVersion "1"]
[SourceVersionDate "2000.11.22"]
[SourceQuality "1"]

1. d4 Nf6 2. c4 g6 3. Nc3 Bg7 4. e4 d6 5. f3 0-0 6. Bg5 Nc6 7. Nge2 a5 8. Qd2 a4 9. Rb1 Re8 10. d5 Ne5 11. Nd4 c6 12. Be2 Qa5 13. b4 axb3 14. axb3 cxd5 15. exd5 e6 16. dxe6 Bxe6 17. 0-0 Nc6 18. Nxe6 Rxe6 19. Bd3 h6 20. Bh4 Ng4 21. fxg4 Qxc3 22. Qxc3 Bxc3 23. Rfc1 Bd4+ 24. Bf2 Ra2 25. Rc2 Rxc2 26. Bxc2 Re2 27. Bxd4 Nxd4 28. Bd1 Rd2 29. b4 Kf8 30. Ba4 Ne2+ 31. Kf1 Nc3 32. Ra1 Rb2 33. Ra3 Nb1 34. Re3 Nd2+ 35. Kg1 Rxb4 0-1

[Event "EU-Cup 09th Group7"]
[Site "Barcelona"]
[Date "1993.10.03"]
[Round "3"]
[White "Holmes, Donald A"]
[Black "Vavra, Pavel"]
[Result "0-1"]
[WhiteElo "2300"]
[BlackElo "2350"]
[PlyCount "66"]
[EventDate "1993.10.01"]
[EventType "team-k.o."]
[EventRounds "3"]
[EventCountry "ESP"]
[SourceTitle "EXT 2020"]
[Source "ChessBase"]
[SourceDate "2019.10.17"]
[SourceVersion "1"]
[SourceVersionDate "2019.10.17"]
[SourceQuality "1"]
[WhiteTeam "Paisley YMCA Renfrew"]
[BlackTeam "Praha Bohemians"]
[WhiteTeamCountry "SCO"]
[BlackTeamCountry "CZE"]

1. e4 e6 2. d4 d5 3. Nd2 Nf6 4. e5 Nfd7 5. c3 c5 6. Ngf3 Nc6 7. Bd3 g6 8. h4 Bg7 9. a3 Qb6 10. b4 cxd4 11. cxd4 Nxd4 12. Bb2 Nxe5 13. Nxe5 Bxe5 14. Kf1 Bd7 15. Rb1 Rc8 16. Kg1 0-0 17. h5 Bg7 18. Qg4 f5 19. Qh4 Bf6 20. Qg3 g5 21. Nb3 h6 22. Nc5 Qc7 23. Qe3 f4 24. Qd2 e5 25. Bxd4 exd4 26. Rc1 b6 27. Nb3 Qd6 28. Rxc8 Rxc8 29. Bb1 Qe5 30. Qd3 Bg7 31. Kh2 Rc3 32. Qh7+ Kf8 33. Nc1 Rh3+ 0-1

[Event "SCO-ch"]
[Site "Scotland"]
[Date "1991.??.??"]
[Round "5"]
[White "Grant, Jonathan"]
[Black "Holmes, Donald A"]
[Result "1/2-1/2"]
[WhiteElo "2215"]
[BlackElo "2270"]
[PlyCount "109"]
[EventDate "1991.??.??"]
[EventType "tourn"]
[EventRounds "9"]
[EventCountry "SCO"]
[SourceTitle "EXT 1999"]
[Source "ChessBase"]
[SourceDate "1998.11.16"]
[SourceVersion "1"]
[SourceVersionDate "1998.11.16"]
[SourceQuality "1"]

1. c4 e5 2. Nc3 Bb4 3. Nd5 Ba5 4. b4 c6 5. bxa5 cxd5 6. cxd5 Qxa5 7. Qb3 Nf6 8. Nf3 d6 9. e3 0-0 10. Ba3 Ne4 11. Bd3 Nc5 12. Bxc5 Qxc5 13. 0-0 Nd7 14. Rfc1 Qa5 15. Bf5 Nc5 16. Qc2 Bxf5 17. Qxf5 g6 18. Qh3 Ne4 19. Rc4 Nxd2 20. Ng5 h5 21. Rh4 Qc5 22. Rd1 Qc2 23. Re1 Qf5 24. Qg3 f6 25. Ne6 Ne4 26. Rxe4 Qxe4 27. f3 Qc2 28. e4 Kf7 29. f4 Rae8 30. fxe5 dxe5 31. Qe3 Rxe6 32. dxe6+ Kxe6 33. Rc1 Qb2 34. Rd1 Qb6 35. Qxb6+ axb6 36. Rb1 Kd6 37. Rxb6+ Kc5 38. Rxb7 Ra8 39. h4 Kd4 40. Rb6 f5 41. exf5 gxf5 42. Rh6 Rxa2 43. Rxh5 f4 44. Rf5 Ke4 45. Rg5 Ra6 46. h5 Rf6 47. Rg6 Rf5 48. g4 fxg3 49. Rxg3 Rxh5 50. Kf2 Rh2+ 51. Ke1 Kf4 52. Ra3 e4 53. Rb3 Rg2 54. Ra3 Rg3 55. Rxg3 1/2-1/2

[Event "SCO-ch"]
[Site "Scotland"]
[Date "1991.??.??"]
[Round "8"]
[White "Holmes, Donald A"]
[Black "Mannion, Stephen R"]
[Result "1-0"]
[WhiteElo "2270"]
[BlackElo "2345"]
[PlyCount "111"]
[EventDate "1991.??.??"]
[EventType "tourn"]
[EventRounds "9"]
[EventCountry "SCO"]
[SourceTitle "EXT 1999"]
[Source "ChessBase"]
[SourceDate "1998.11.16"]
[SourceVersion "1"]
[SourceVersionDate "1998.11.16"]
[SourceQuality "1"]

1. d4 Nf6 2. c4 c5 3. d5 b5 4. cxb5 a6 5. e3 axb5 6. Bxb5 Qa5+ 7. Nc3 Bb7 8. Nge2 Bxd5 9. 0-0 Bc6 10. a4 e6 11. e4 Bxb5 12. Nxb5 Nxe4 13. Bf4 Na6 14. Nec3 Nxc3 15. bxc3 Be7 16. Nd6+ Bxd6 17. Qxd6 Qd8 18. Rab1 Qe7 19. Rb7 Qxd6 20. Bxd6 f6 21. Rfb1 Rg8 22. Kf1 g5 23. h3 e5 24. g3 g4 25. h4 Kf7 26. R1b6 Rgd8 27. Ke2 Ke8 28. Kd3 Rdc8 29. Kc4 Kd8 30. Kb5 Nc7+ 31. Bxc7+ Rxc7 32. a5 f5 33. a6 f4 34. gxf4 exf4 35. Rf6 Ke7 36. Rxf4 Rc6 37. a7 h5 38. Ra4 Rcc8 39. Ra6 Rf8 40. Ra2 Rfd8 41. Kxc5 Rdc8+ 42. Kb4 Kd8 43. c4 Rc7 44. Rxc7 Kxc7 45. Kc5 d6+ 46. Kd5 Kd7 47. Ra6 Kc7 48. Ke6 Kb7 49. Ra4 Kc6 50. Kf7 Kb7 51. Kg6 Rg8+ 52. Kxh5 Ka8 53. Ra6 Rc8 54. Rxd6 Rxc4 55. Ra6 Rf4 56. Ra2 1-0

[Event "Lloyds Bank op 15th"]
[Site "London"]
[Date "1991.??.??"]
[Round "7"]
[White "Holmes, Donald A"]
[Black "Ward, Christopher"]
[Result "0-1"]
[WhiteElo "2270"]
[BlackElo "2435"]
[PlyCount "94"]
[EventDate "1991.08.??"]
[EventType "swiss"]
[EventRounds "10"]
[EventCountry "ENG"]
[SourceTitle "TD"]
[Source "ChessBase"]
[SourceDate "1994.03.01"]
[SourceVersion "1"]
[SourceVersionDate "1994.03.01"]
[SourceQuality "1"]

1. e4 c5 2. Nf3 d6 3. d4 cxd4 4. Nxd4 Nf6 5. Nc3 g6 6. Be3 Bg7 7. f3 0-0 8. Qd2 Nc6 9. Bc4 Bd7 10. h4 Qa5 11. h5 Ne5 12. Bb3 Nxh5 13. 0-0-0 Rfc8 14. g4 Nf6 15. Bh6 Bxh6 16. Rxh6 Rxc3 17. Qxc3 Qxc3 18. bxc3 Rc8 19. Kd2 Kg7 20. Rh4 g5 21. Rh2 Rc5 22. Re1 e6 23. Re3 a5 24. a3 a4 25. Ba2 Bb5 26. Nxb5 Rxb5 27. Rh1 Rb2 28. Ra1 h5 29. gxh5 Nxh5 30. c4 Nf4 31. Kc3 Rb6 32. Rb1 Rxb1 33. Bxb1 Ng2 34. Re2 Nh4 35. f4 gxf4 36. Rh2 Nhf3 37. Rf2 Kh6 38. Ba2 Kh5 39. c5 dxc5 40. Bc4 Kh4 41. Bf1 Ng5 42. Rh2+ Kg4 43. Rg2+ Kh5 44. Rh2+ Kg6 45. Bd3 f3 46. Rh4 f2 47. Bf1 Nef3 0-1

[Event "Lloyds Bank op 15th"]
[Site "London"]
[Date "1991.??.??"]
[Round "1"]
[White "Murshed, Niaz"]
[Black "Holmes, Donald A"]
[Result "1-0"]
[WhiteElo "2510"]
[BlackElo "2270"]
[PlyCount "69"]
[EventDate "1991.08.??"]
[EventType "swiss"]
[EventRounds "10"]
[EventCountry "ENG"]
[SourceTitle "TD"]
[Source "ChessBase"]
[SourceDate "1994.03.01"]
[SourceVersion "1"]
[SourceVersionDate "1994.03.01"]
[SourceQuality "1"]

1. d4 f5 2. g3 Nf6 3. Bg2 d6 4. c3 c6 5. Bg5 Nbd7 6. Nd2 d5 7. Nh3 e6 8. Nf4 Qe7 9. Nd3 Qf7 10. Bf4 Be7 11. Nf3 0-0 12. Ng5 Qg6 13. Nxe6 Rf7 14. Ng5 Rf8 15. Ne6 Rf7 16. Ng5 Rf8 17. Nf3 Nh5 18. 0-0 Nxf4 19. Nxf4 Qh6 20. Qc1 g5 21. Nd3 f4 22. gxf4 gxf4 23. Kh1 Nb6 24. Nfe5 Be6 25. Bf3 Nc4 26. Bg4 Nxe5 27. Bxe6+ Qxe6 28. dxe5 Qf5 29. f3 Kh8 30. Rg1 h5 31. Rg2 Rae8 32. Qd2 c5 33. Rag1 c4 34. Nxf4 Qxf4 35. Rg8+ 1-0

[Event "Edinburgh op"]
[Site "Edinburgh"]
[Date "1989.03.25"]
[Round "2"]
[White "Holmes, Donald A"]
[Black "McNab, Colin Anderson"]
[Result "0-1"]
[WhiteElo "2315"]
[BlackElo "2435"]
[PlyCount "52"]
[EventDate "1989.03.24"]
[EventType "swiss"]
[EventRounds "9"]
[EventCountry "SCO"]
[SourceTitle "EXT 2003"]
[Source "ChessBase"]
[SourceDate "2002.11.25"]
[SourceVersion "1"]
[SourceVersionDate "2002.11.25"]
[SourceQuality "1"]

1. e4 g6 2. d4 d6 3. Nc3 Bg7 4. f4 Nc6 5. Be3 Nf6 6. h3 0-0 7. g4 e5 8. dxe5 dxe5 9. f5 Nd4 10. Bg2 c5 11. Qd2 Qb6 12. 0-0-0 Rd8 13. Qf2 Qa5 14. Nge2 b5 15. g5 Nh5 16. Kb1 b4 17. Bxd4 exd4 18. Nd5 Rxd5 19. exd5 Bxf5 20. Nf4 c4 21. Rhe1 b3 22. axb3 Nxf4 23. Qxf4 cxb3 24. Be4 bxc2+ 25. Kxc2 d3+ 26. Bxd3 Rc8+ 0-1

[Event "Edinburgh op"]
[Site "Edinburgh"]
[Date "1989.??.??"]
[Round "6"]
[White "Holmes, Donald A"]
[Black "Handley, Mike"]
[Result "1-0"]
[WhiteElo "2315"]
[BlackElo "2205"]
[PlyCount "55"]
[EventDate "1989.03.24"]
[EventType "swiss"]
[EventRounds "9"]
[EventCountry "SCO"]
[SourceTitle "EXT 2003"]
[Source "ChessBase"]
[SourceDate "2002.11.25"]
[SourceVersion "1"]
[SourceVersionDate "2002.11.25"]
[SourceQuality "1"]

1. e4 c5 2. Nf3 d6 3. d4 cxd4 4. Nxd4 Nf6 5. Nc3 e6 6. g4 h6 7. h4 Nc6 8. Rg1 h5 9. gxh5 Nxh5 10. Bg5 Nf6 11. Be2 Qb6 12. Nb3 a6 13. h5 Be7 14. Be3 Qc7 15. Rxg7 b5 16. a3 Ne5 17. Qd4 Nc4 18. Bxc4 bxc4 19. Nd2 Rxh5 20. 0-0-0 Rc5 21. e5 dxe5 22. Qh4 Rd5 23. Qh8+ Bf8 24. Bg5 Nd7 25. Nde4 Rxd1+ 26. Nxd1 Bb7 27. Qg8 Bxe4 28. Qxf7# 1-0